| 000 | 00750nam a2200229 i 4500 | ||
|---|---|---|---|
| 001 | 50693 | ||
| 003 | ES-MaACL | ||
| 005 | 20230906162224.0 | ||
| 007 | t| | ||
| 008 | 030806s1986 sp ||||1| spa d | ||
| 020 | _a84-7299-165-2 | ||
| 100 | 1 |
_aCudeiro González, Vicente. _941965 |
|
| 245 | 1 | 3 |
_aLa finalidad en la naturaleza _b: un debate con Nicolás Hartmann / _cVicente Cudeiro González. |
| 260 |
_aSalamanca : _bUniversidad Pontificia de Salamanca, _c1986. |
||
| 300 |
_a255 p. ; _c24 cm. |
||
| 490 | 1 |
_aBiblioteca Salmanticensis. Estudios ; _v81 |
|
| 500 | _aIndice. | ||
| 504 | _aBibliografía. | ||
| 830 | 0 |
_aBiblioteca Salmanticensis. Estudios ; _v81 _9230142 |
|
| 852 |
_aES-MaACL _jL-12391 _bR.114528 |
||
| 999 |
_c50693 _d50693 |
||